Novels Written by Female Authors Quiz Stats

Quiz Updated Jul 1, 2016

Challenge
Share
Tweet
Embed
Score 0/25 Timer 03:00
11 Plays Today
% Correct
Little Women
95.1%
Harry Potter and the Prisoner of Azkaban
94.5%
Wuthering Heights
93%
Emma
92.5%
The Color Purple
91.2%
The Hunger Games
91.1%
I Know Why the Caged Bird Sings
89.8%
To Kill a Mockingbird
89.7%
Frankenstein
89.4%
Gone with the Wind
86.8%
The Bell Jar
85%
The Joy Luck Club
84.7%
Black Beauty
82.8%
% Correct
The Secret Life of Bees
82.7%
Atlas Shrugged
79.1%
Their Eyes were Watching God
77.5%
Uncle Tom's Cabin
75.8%
A Tree Grows in Brooklyn
74%
Lady Audley's Secret
73.8%
The Time Traveler's Wife
73.7%
The Good Earth
71%
To the Lighthouse
70.1%
The Bluest Eye
68.9%
The Awakening
57.1%
The Outsiders
53%

You're not logged in!

Compare scores with friends on all Sporcle quizzes.
Sign Up with Email
OR
Log In

You Might Also Like...

Show Comments

Extras

Top Quizzes Today


Score Distribution

Your Account Isn't Verified!

In order to create a playlist on Sporcle, you need to verify the email address you used during registration. Go to your Sporcle Settings to finish the process.